<?xml version="1.0" encoding="UTF-8"?>
<record
    xmlns:xsi="http://www.w3.org/2001/XMLSchema-instance"
    xsi:schemaLocation="http://www.loc.gov/MARC21/slim http://www.loc.gov/standards/marcxml/schema/MARC21slim.xsd"
    xmlns="http://www.loc.gov/MARC21/slim">

  <leader>00635naa a2200205 i 4500</leader>
  <controlfield tag="001">5233</controlfield>
  <controlfield tag="003">ES-MaBCM</controlfield>
  <controlfield tag="005">20241016090935.0</controlfield>
  <controlfield tag="008">890303s1988    esp           000 0 spa d</controlfield>
  <datafield tag="021" ind1=" " ind2=" ">
    <subfield code="a">xx</subfield>
  </datafield>
  <datafield tag="035" ind1=" " ind2=" ">
    <subfield code="a">(OCoLC)1365114240</subfield>
  </datafield>
  <datafield tag="040" ind1=" " ind2=" ">
    <subfield code="c">ES-MaBCM</subfield>
  </datafield>
  <datafield tag="041" ind1="0" ind2=" ">
    <subfield code="a">spa</subfield>
  </datafield>
  <datafield tag="043" ind1=" " ind2=" ">
    <subfield code="a">esp</subfield>
  </datafield>
  <datafield tag="100" ind1="1" ind2=" ">
    <subfield code="a">Di Palma, Giuseppe</subfield>
    <subfield code="9">12936</subfield>
  </datafield>
  <datafield tag="245" ind1="1" ind2="3">
    <subfield code="a">La consolidaci&#xF3;n democr&#xE1;tica</subfield>
    <subfield code="b">: una visi&#xF3;n minimalista</subfield>
    <subfield code="c">Giuseppe di Palma</subfield>
  </datafield>
  <datafield tag="650" ind1="2" ind2="7">
    <subfield code="a">Cambio de r&#xE9;gimen pol&#xED;tico</subfield>
    <subfield code="9">57801</subfield>
  </datafield>
  <datafield tag="773" ind1="0" ind2=" ">
    <subfield code="a">En:</subfield>
    <subfield code="t">REIS : revista espa&#xF1;ola de investigaciones sociol&#xF3;gicas</subfield>
    <subfield code="d">Madrid : 1988</subfield>
    <subfield code="w">104569</subfield>
    <subfield code="g">n&#xBA; 42, abril-junio ; p. 67-92</subfield>
  </datafield>
  <datafield tag="942" ind1=" " ind2=" ">
    <subfield code="c">AREV</subfield>
  </datafield>
  <datafield tag="999" ind1=" " ind2=" ">
    <subfield code="c">5233</subfield>
    <subfield code="d">5233</subfield>
  </datafield>
  <datafield tag="952" ind1=" " ind2=" ">
    <subfield code="0">0</subfield>
    <subfield code="1">0</subfield>
    <subfield code="4">0</subfield>
    <subfield code="7">0</subfield>
    <subfield code="a">BC</subfield>
    <subfield code="b">BC</subfield>
    <subfield code="d">2012-04-21</subfield>
    <subfield code="l">0</subfield>
    <subfield code="w">2012-04-21</subfield>
    <subfield code="y">AREV</subfield>
  </datafield>
</record>
